Valuation Office launches ratepayer forum (Record no. 66000)

MARC details
000 -LEADER
fixed length control field 00982cam a2200217 4500
001 - CONTROL NUMBER
control field WB3705-33
008 - FIXED-LENGTH DATA ELEMENTS--GENERAL INFORMATION
fixed length control field 000000n2001 000 0 eng u
035 ## - SYSTEM CONTROL NUMBER
System control number (Sirsi) u110734
245 ## - TITLE STATEMENT
Title Valuation Office launches ratepayer forum
260 ## - PUBLICATION, DISTRIBUTION, ETC.
Date of publication, distribution, etc. 2001
490 ## - SERIES STATEMENT
Series statement Valuation Office Agency Press Release
Volume/sequential designation (319) 22 January 2001, (1)
520 ## - SUMMARY, ETC.
Summary, etc. In an attempt to enable ratepayers to take a more active role in the process by which their properties are valued for business rates, the Valuation Office Agency (VOA) has announced the formation of the National Ratepayers' Valuation Forum. This will provide direct communication between the VOA and ratepayers. The Forum will be composed of representatives of trade associations and ratepayer organisations.
590 ## - LOCAL NOTE (RLIN)
Local note WB
650 ## - SUBJECT ADDED ENTRY--TOPICAL TERM
Topical term or geographic name entry element VALUATION OFFICE AGENCY
650 ## - SUBJECT ADDED ENTRY--TOPICAL TERM
Topical term or geographic name entry element RATEPAYERS
650 ## - SUBJECT ADDED ENTRY--TOPICAL TERM
Topical term or geographic name entry element RATING
650 ## - SUBJECT ADDED ENTRY--TOPICAL TERM
Topical term or geographic name entry element BUSINESS RATES
650 ## - SUBJECT ADDED ENTRY--TOPICAL TERM
Topical term or geographic name entry element Valuation
9 (RLIN) 6273
690 ## - LOCAL SUBJECT ADDED ENTRY--TOPICAL TERM (OCLC, RLIN)
Topical term or geographic name as entry element RATING AND LOCAL TAXATION
942 ## - ADDED ENTRY ELEMENTS (KOHA)
Suppress in OPAC 0
Holdings
Withdrawn status Lost status Source of classification or shelving scheme Damaged status Not for loan Home library Current library Shelving location Date acquired Total Checkouts Full call number Barcode Date last seen Copy number Price effective from Koha item type
    Dewey Decimal Classification     London London News article 01/02/2001   WB3705-33 110734-1001 06/08/2019 1 06/08/2019 News article